000 01039nam a2200241 i 4500
001 67808
003 ES-MaACL
005 20250927063035.0
007 t|
008 040205s1968 sp ||||1| spa d
100 1 _aGallardo, Bartolomé José,
_d1776-1852
_953478
245 1 0 _aEnsayo de una biblioteca española de libros raros y curiosos /
_cformado con los apuntamientos de don Bartolomé José Gallardo coordinados y aumentados por D. M.R. Zarco del Valle y D. J. Sancho Rayón.
260 _aMadrid :
_bGredos,
_c[1968]
300 _a4 v. ;
_c27 cm.
490 1 _aBiblioteca románica hispánica. IX, Facsímiles
500 _aReproducción facsimil de la edición de: Madrid, Imp. de M. Rivadeneyra, 1863.
650 0 4 _aLibros raros-
_zEspaña-
_vBibliografías.
_914453
700 1 _aZarco del Valle, Manuel Remón.
_9118065
700 0 _aSancho Rayón, José.
_9103049
830 0 _aBiblioteca románica hispánica. IX, Facsímiles
_9229052
852 _aES-MaACL
_jE-9849-52
_bR.66355
999 _c67808
_d67808